000 00568nam a2200205 4500
999 _c13729
_d13729
003 MIRAKIL
005 20200122141118.0
008 200122b tu ||||| |||| 00| 0 tur d
020 _a9755334084
040 _aTR-AnCHP
_cTR-AnCHP
041 _atur
082 _a070.4060561
_bÖ97t 2004
100 _aÖzsever, Atilla
245 1 0 _aTekelci medyada örgütsüz gazeteci/
_cAtilla Özsever.
260 _aAnkara:
_bİmge Kitabevi,
_c2004.
300 _a298 s.:
_c19 sm.
504 _aKaynakça vardır.
650 0 _96064
_aGazetecilik
_xTürkiye
942 _2ddc
_cBKS